<?xml version="1.0" encoding="UTF-8"?><collection xmlns="info:lc/xmlns/marcxchange-v2"><record format="Unimarc" type="bibliographic"><leader>00739nam  2200205   450 </leader><controlfield tag="001">2126974</controlfield><controlfield tag="003">http://id.bnportugal.gov.pt/bib/porbase/2126974</controlfield><datafield ind1=" " ind2=" " tag="010"><subfield code="a">92-871-4531-8</subfield></datafield><datafield ind1=" " ind2=" " tag="035"><subfield code="a">ESEC_BC_127.iso/17-03-2009/25977</subfield></datafield><datafield ind1=" " ind2=" " tag="035"><subfield code="a">ESEC20080318151144</subfield></datafield><datafield ind1=" " ind2=" " tag="100"><subfield code="a">20080318d2008    k  y0porb0103    ba</subfield></datafield><datafield ind1="1" ind2=" " tag="101"><subfield code="a">eng</subfield><subfield code="c">fre</subfield></datafield><datafield ind1=" " ind2=" " tag="102"><subfield code="a">FR</subfield></datafield><datafield ind1="1" ind2=" " tag="200"><subfield code="a">Europe on-screen</subfield><subfield code="e">cinema and the teaching of history</subfield><subfield code="f">by Dominique Chansel</subfield></datafield><datafield ind1=" " ind2=" " tag="210"><subfield code="a">Strasbourg</subfield><subfield code="c">Council of Europe Publishing</subfield><subfield code="d">2001</subfield></datafield><datafield ind1=" " ind2=" " tag="215"><subfield code="a">217 p</subfield></datafield><datafield ind1=" " ind2=" " tag="305"><subfield code="a">Publicação integrada no projecto "Learning and teaching about history of Europe in the 20th century"</subfield></datafield><datafield ind1=" " ind2=" " tag="675"><subfield code="a">373.3/.5:91/94</subfield><subfield code="v">BN</subfield><subfield code="z">por</subfield></datafield><datafield ind1=" " ind2=" " tag="675"><subfield code="a">91/94:373.3/.5</subfield><subfield code="v">BN</subfield><subfield code="z">por</subfield></datafield><datafield ind1=" " ind2="1" tag="700"><subfield code="a">Chansel</subfield><subfield code="b">Dominique</subfield></datafield><datafield ind1=" " ind2="0" tag="801"><subfield code="a">PT</subfield><subfield code="b">ESEC</subfield><subfield code="g">RPC</subfield></datafield></record></collection>